| Поле | Инд. | ПП | Название | Значение |
|---|---|---|---|---|
| Тип записи | a | |||
| Библиографический уровень | m | |||
| 001 | Контрольный номер | RU/LIBMSTU/348234645 | ||
| 005 | Дата корректировки | 20230109150016.0 | ||
| 008 | Кодируемые данные | 110114|||||||||ru |||||||||||000|||rus|| | ||
| 020 | a | ISBN | 978-5-93916-189-3 | |
| c | Цена, тираж | 500-00 | ||
| 040 | b | Код языка каталог. | rus | |
| 041 | 0_ | a | Код языка текста | rus |
| 084 | a | Индекс другой классификации/Индекс ББК | 67я2 | |
| 090 | a | Полочн. индекс | 67я2 | |
| x | Авторский знак | П 68 | ||
| 245 | 10 | a | Заглавие | Правовая наука и юридическая идеология России |
| b | Продолж. заглавия | энцикл. слов. биогр. | ||
| c | Ответственность | Гос. образоват. учреждение высш. проф. образования, Рос. акад. правосудия ; отв. ред. В. М. Сырых | ||
| n | Номер части/ раздела | Т. 1. XI-начало XX в. | ||
| 260 | a | Место издания | Москва | |
| b | Издательство | Юрист | ||
| c | Дата издания | 2009 | ||
| 300 | a | Объем | 918, [1] с. | |
| 504 | a | Библиография | Библиогр.: с. 916-919 | |
| 650 | 04 | a | Основная рубрика | Правовая наука России-Словари |
| 650 | 14 | a | Основная рубрика | Юридическая идеология России-Словари |
| 653 | 0_ | a | Ключевые слова | Биографии ученых |
| a | Ключевые слова | История права | ||
| a | Ключевые слова | Польские правоведы | ||
| a | Ключевые слова | Правовая наука | ||
| a | Ключевые слова | Правоведение | ||
| a | Ключевые слова | Правоведы | ||
| a | Ключевые слова | Российские правоведы | ||
| 700 | 12 | a | Другие авторы | Сырых В. М. |
| e | Роль лиц | ред. | ||
| 901 | t | Тип документа | m |